000 00522 a2200193 4500
001 130765
020 _a85-02-02330-6
040 _cLeonardo Da Vinci
041 _aPortuguês
082 _a343.04 C327c
_bC327c
100 _aCARVALHO, Paulo de Barros
245 _aCurso de direito tributário
250 _a12.ed
260 _bSaraiva
_c1999
_aSão Paulo
300 _a503
362 _a19990000
697 _aDireito
_aDireito tributário
_aLegislação
_aLeis
_aImpostos
_aTributação
_aBrasil
_aFIPEN
942 _cBK
999 _c130765
_d130765